[Event "4NCL/Div4/HKF vs. WGR3 final"]
[Site "Telford ENG"]
[Date "2003.04.13"]
[Round "8.2"]
[White "Savage, Ben D"]
[Black "Wilson, Jonathan"]
[Result "1/2-1/2"]
[WhiteElo "2182"]
[BlackElo "2310"]
[Annotator "Mark Hogarth"]
[PlyCount "122"]
[EventDate "2003.04.13"]

1. c4 c6 2. g3 d5 3. Bg2 Nf6 4. cxd5 cxd5 5. Nf3 Nc6 6. d3 Bg4 7. h3 Bh5 8. a3
e6 9. b4 Bd6 10. Bb2 O-O 11. Nbd2 Nd7 12. Rc1 Qe7 13. Qb3 Rac8 14. O-O f5 15.
e4 dxe4 16. dxe4 f4 17. g4 Bf7 18. Nc4 e5 19. Qd3 Bc7 20. Rfd1 Nb6 21. Nxb6
Bxb6 22. Qd7 Qxd7 23. Rxd7 Nd4 24. Rxc8 Nxf3+ 25. Bxf3 Rxc8 26. Bxe5 Rc2 27.
Rxb7 Bc4 28. Rxg7+ Kf8 29. Rxh7 Rxf2 30. Rh8+ Kf7 31. Rh7+ Ke6 32. Bc7 Be3 (
32... Rxf3+ 33. Bxb6 axb6) 33. Bxf4 Rf1+ 34. Kg2 Bxf4 35. Rxa7 Be3 36. Rc7 $18
Rf2+ 37. Kg3 Rc2 38. Rc6+ (38. Bd1 Rc1 39. Rxc4 Rxc4 40. Bb3 $18) 38... Kd7 39.
Rg6 Bf2+ 40. Kf4 Rc3 41. Rg7+ Ke6 42. Rg6+ Kd7 43. a4 Be3+ 44. Ke5 Bb3 45. Bd1
Bf7 46. Rf6 Ke7 47. Rf3 Bd2 48. Kd4 Rxf3 49. Bxf3 Bxb4 50. Be2 Bb3 51. Bb5 Kf6
52. e5+ Kg5 53. Bd7 Ba2 54. Ke4 Bc3 55. h4+ Kxh4 56. e6 Bb4 $11 57. Kf5 Bb1+
58. Kf6 Bc2 59. a5 Bc3+ 60. Kf7 Bxa5 61. e7 Kg5 1/2-1/2

[Event "4NCL/Div4/HKF vs. WGR3 final"]
[Site "Telford ENG"]
[Date "2003.04.13"]
[Round "8.3"]
[White "Adelaja, Abimbola"]
[Black "Maduekwe, Chiedu"]
[Result "1-0"]
[WhiteElo "2145"]
[BlackElo "2140"]
[PlyCount "93"]
[EventDate "2003.04.13"]

1. e4 c6 2. Nc3 d5 3. Nf3 Bg4 4. h3 Bxf3 5. Qxf3 e6 6. d4 dxe4 7. Qxe4 Nf6 8.
Qd3 Nbd7 9. g3 Bd6 10. Bg2 Qc7 11. O-O O-O 12. Bg5 h6 13. Bd2 Rad8 14. Qf3 Qb6
15. Rfd1 Rfe8 16. Rab1 e5 17. Be3 Qa5 18. a3 exd4 19. Rxd4 Qc7 20. Ne4 Be5 21.
Nxf6+ Nxf6 22. Rxd8 Rxd8 23. c4 Bd4 24. b4 Qe5 25. Bf4 Qf5 26. Re1 Qc2 27. Re2
Qxc4 28. Re7 Rd7 29. Rxd7 Nxd7 30. Bxh6 Ne5 $19 31. Qh5 gxh6 32. Qxh6 Qe6 $2
33. Qg5+ Ng6 34. Qd8+ Kh7 35. Qxd4 $18 a6 36. h4 Ne7 37. Qe4+ Qxe4 38. Bxe4+ f5
39. Bd3 Kg7 40. Kf1 Kf6 41. Ke2 Nd5 42. f3 Ke5 43. Bc4 Nf6 44. Ke3 Nh5 45. g4
f4+ 46. Kd3 Ng3 47. h5 1-0

[Event "4NCL/Div4/HKF vs. WGR3 final"]
[Site "Telford ENG"]
[Date "2003.04.13"]
[Round "8.4"]
[White "Hillman, Jamie O"]
[Black "Ogunshula, Ben"]
[Result "0-1"]
[WhiteElo "2045"]
[BlackElo "2164"]
[PlyCount "74"]
[EventDate "2003.04.13"]

1. e4 d6 2. d4 g6 3. f4 Bg7 4. Nf3 c5 5. c3 b6 6. Bb5+ Bd7 7. Bxd7+ Qxd7 8. O-O
e6 9. Be3 Ne7 10. Nbd2 Nbc6 11. Qe2 cxd4 12. Nxd4 Nxd4 13. cxd4 d5 14. e5 O-O
15. Rfc1 Rfc8 16. Nf3 Rxc1+ 17. Rxc1 Rc8 18. Qd2 Bf8 19. Rxc8 Qxc8 20. Qc1 Qa6
21. a3 Qd3 22. Qd2 Qb5 23. Qc2 Nc6 24. Kf2 Na5 25. Nd2 Nc4 26. Nxc4 dxc4 27. g4
Be7 28. Kg3 Qb3 29. Qxb3 cxb3 30. Kf3 Bxa3 $1 31. Bc1 Bb4 32. Ke4 a5 33. d5
exd5+ 34. Kxd5 b5 35. f5 a4 36. Kd4 Bd2 $3 37. e6 fxe6 0-1

[Event "4NCL/Div4/HKF vs. WGR3 final"]
[Site "Telford ENG"]
[Date "2003.04.13"]
[Round "8.5"]
[White "Fowler, Simon"]
[Black "Cutmore, Martin J"]
[Result "1/2-1/2"]
[WhiteElo "2160"]
[BlackElo "1896"]
[PlyCount "72"]
[EventDate "2003.04.13"]

1. d4 c5 2. d5 Nf6 3. Nc3 d6 4. e4 e6 5. Bd3 Be7 6. Nge2 O-O 7. O-O Na6 8. Ng3
Nc7 9. Bf4 a6 10. a4 b6 11. Re1 Bb7 12. Bc4 b5 13. axb5 axb5 14. Rxa8 Bxa8 15.
Nxb5 Nxb5 16. Bxb5 exd5 17. exd5 Nxd5 18. Nf5 Nxf4 19. Nxe7+ Kh8 20. f3 Ne6 21.
Nf5 Qf6 22. Nxd6 Nd4 23. c3 Bxf3 24. Qd2 Nxb5 25. Nxb5 Qg6 26. Rf1 Bc6 27. Nd6
h6 28. Nf5 Re8 29. Qf2 Bb5 30. Nh4 Qh5 31. Re1 Rxe1+ 32. Qxe1 Qg4 33. Nf3 Bc6
34. Qe3 Qa4 35. Kf2 Bxf3 36. Qxf3 Qc2+ 1/2-1/2

[Event "4NCL/Div4/HKF vs. WGR3 final"]
[Site "Telford ENG"]
[Date "2003.04.13"]
[Round "8.6"]
[White "Cutmore, David M"]
[Black "Pym, Thomas W"]
[Result "0-1"]
[WhiteElo "1848"]
[BlackElo "1997"]
[Annotator "Mark Hogarth"]
[PlyCount "90"]
[EventDate "2003.04.13"]

1. d4 Nf6 2. c4 c5 3. d5 b5 4. cxb5 a6 5. bxa6 Bxa6 6. Nc3 g6 7. e4 Bxf1 8.
Kxf1 d6 9. g4 Bg7 10. Kg2 O-O 11. g5 Ne8 12. Nge2 Nd7 13. f3 Nc7 14. h4 Ra6 15.
Qc2 Qa8 16. h5 Rb8 17. hxg6 fxg6 18. Nf4 Ne5 19. Qf2 Ra7 20. Qh4 Kf7 21. Qh3
Rh8 22. Ne6 Nxe6 23. Qxe6+ Ke8 $2 (23... Kf8) 24. Nb5 Qb8 $2 (24... Rd7) 25.
Nxa7 Qxa7 26. Rxh7 Rxh7 27. Qg8+ Bf8 28. Qxh7 Qa6 29. Qh4 Qc4 30. Qf2 Nd3 31.
Qd2 Bg7 32. Qd1 Qd4 33. Qe2 Qc4 34. Kf1 Qb5 35. a4 Qa6 36. Ra2 c4 37. Be3 Bd4
38. a5 Bxe3 39. Qxe3 Nc5 40. Qe2 Nb3 41. Qe1 $2 (41. Qc2) 41... c3+ 42. Kg1 c2
43. Ra1 Nxa1 44. Qc3 Kd7 45. b4 Qc8 0-1

[Event "4NCL/Div4/MET vs. AD3 final"]
[Site "Telford ENG"]
[Date "2003.04.13"]
[Round "8.1"]
[White "Noden, Nicolas"]
[Black "Rea, Bill"]
[Result "0-1"]
[WhiteElo "2196"]
[BlackElo "1656"]
[PlyCount "62"]
[EventDate "2003.04.13"]

1. e4 e5 2. Nc3 Nc6 3. Bc4 Nf6 4. d3 d6 5. Nge2 a6 6. O-O Na5 7. a4 Nxc4 8.
dxc4 Be6 9. Qd3 Nd7 10. b3 Be7 11. Ng3 O-O 12. Nd5 g6 13. Bh6 Re8 14. a5 Bf8
15. Bxf8 Rxf8 16. b4 Rc8 17. Ne2 f5 18. exf5 gxf5 19. f4 e4 20. Qg3+ Kh8 21.
Nd4 Bxd5 22. cxd5 Rg8 23. Qh3 Qf6 24. Nxf5 Rcf8 25. Ne3 Rg7 26. Rae1 Qd4 27.
Qe6 Rfg8 28. g3 Nf6 29. Kh1 Rg6 30. Nf5 Qd2 31. h3 $4 Nh5 0-1

[Event "4NCL/Div4/MET vs. AD3 final"]
[Site "Telford ENG"]
[Date "2003.04.13"]
[Round "8.2"]
[White "Pohribnyj, Chris"]
[Black "Fogarasi, Norbert"]
[Result "1/2-1/2"]
[WhiteElo "1600"]
[BlackElo "2162"]
[PlyCount "73"]
[EventDate "2003.04.13"]

1. d4 d5 2. c4 c6 3. Nf3 Nf6 4. Nc3 e6 5. e3 Nbd7 6. Bd3 dxc4 7. Bxc4 b5 8. Bd3
a6 9. e4 c5 10. e5 Nd5 11. Nxd5 exd5 12. O-O Be7 13. Re1 c4 14. Bc2 Nf8 15. e6
Bxe6 16. Ne5 Qb6 17. Be3 Nd7 18. Qf3 Nxe5 19. dxe5 Bc5 20. Rad1 Bxe3 21. fxe3
O-O-O 22. Rd4 Qc7 23. Qg3 f6 24. exf6 Qxg3 25. hxg3 gxf6 26. Rf1 Rdf8 27. Bf5
Re8 28. Rxd5 Bxf5 29. Rdxf5 Rxe3 30. Rxf6 Re2 31. Rxa6 Kb7 32. Rff6 Ra8 33.
Rab6+ Kc7 34. Rxb5 Rxa2 35. Rfb6 h5 36. Rb7+ Kc6 37. R7b6+ 1/2-1/2

[Event "4NCL/Div4/MET vs. AD3 final"]
[Site "Telford ENG"]
[Date "2003.04.13"]
[Round "8.3"]
[White "Dickson, George"]
[Black "Beasley, Stephen"]
[Result "1-0"]
[WhiteElo "2016"]
[BlackElo "1600"]
[PlyCount "75"]
[EventDate "2003.04.13"]

1. d4 g6 2. Nf3 Bg7 3. Bf4 Nf6 4. e3 d6 5. h3 Nbd7 6. Be2 O-O 7. Nbd2 b6 8. O-O
Bb7 9. c4 c5 10. Bh2 Rc8 11. Rc1 Ne4 12. d5 Ndf6 13. Qc2 Nxd2 14. Nxd2 Qd7 15.
f4 b5 16. e4 bxc4 17. Nxc4 Rb8 18. Bf3 Ba6 19. b3 Bxc4 20. Qxc4 Qb5 21. e5 Qxc4
22. Rxc4 Nd7 23. Ra4 Rb7 24. Re1 Nb6 25. exd6 exd6 26. Rae4 Rbb8 27. Re7 Ra8
28. f5 Bf6 29. Bxd6 Bxe7 30. Bxe7 Rfe8 31. d6 Rac8 32. Bb7 Nd7 33. f6 c4 34.
Bxc8 Rxc8 35. bxc4 Rxc4 36. Rb1 Rc8 37. Rb7 Nxf6 38. Bxf6 1-0

[Event "4NCL/Div4/MET vs. AD3 final"]
[Site "Telford ENG"]
[Date "2003.04.13"]
[Round "8.4"]
[White "Graham, Louis"]
[Black "Calvert, D Ian"]
[Result "1/2-1/2"]
[WhiteElo "1360"]
[BlackElo "2026"]
[PlyCount "97"]
[EventDate "2003.04.13"]

1. d4 d5 2. Nf3 Nf6 3. Bf4 g6 4. e3 Bg7 5. Bd3 c5 6. c3 cxd4 7. cxd4 Nc6 8. a3
O-O 9. O-O a6 10. h3 Bf5 11. Bxf5 gxf5 12. Qd3 Ne4 13. Nbd2 Nxd2 14. Qxd2 e6
15. Bg5 Bf6 16. Bxf6 Qxf6 17. Rfd1 Kh8 18. Rac1 Rg8 19. Kh2 Rg7 20. Rg1 Qe7 21.
Qc3 Qd6+ 22. Kh1 f6 23. Qc5 Qd8 24. Rcd1 Rc8 25. Rc1 Ne7 26. Qb4 Ng6 27. Rc5
Rxc5 28. Qxc5 Rc7 29. Qb6 Qd7 30. Qb4 Rc4 31. Qb6 Rc6 32. Qb4 {{=} b6 33. Qa4
Qc8 34. Ne1 Rc4 35. Qb3 Qc6 36. Nd3 a5 37. f4 Rc2 38. Ne1 Rc1 39. Nf3 Rxg1+ 40.
Kxg1 Kg7 41. Kf2 Kf7 42. a4 Ne7 43. Ke2 Nc8 44. Kd3 Nd6 45. Nd2 Ke7 46. Qc2 Kd7
47. Qxc6+ Kxc6 48. b3 b5 49. Kc3 {{=} 1/2-1/2

[Event "4NCL/Div4/MET vs. AD3 final"]
[Site "Telford ENG"]
[Date "2003.04.13"]
[Round "8.5"]
[White "Djabri, Zafer M"]
[Black "Nixon, Peter"]
[Result "1-0"]
[WhiteElo "1864"]
[BlackElo "1272"]
[PlyCount "43"]
[EventDate "2003.04.13"]

1. c4 e5 2. Nc3 Nc6 3. Nf3 Bc5 4. e3 Qf6 5. Nd5 Qd6 6. a3 a5 7. d4 exd4 8. exd4
Ba7 9. Bf4 Qe6+ 10. Be2 Kf8 11. Nxc7 Qe4 12. Bd6+ Nge7 13. Nxa8 Bxd4 14. O-O g6
15. Nxd4 Nxd4 16. Bf3 Nxf3+ 17. Qxf3 Qe6 18. Rad1 Kg7 19. Rfe1 Qxc4 20. Bxe7
Rg8 21. Bf6+ Kf8 22. Rc1 1-0

[Event "4NCL/Div4/MET vs. AD3 final"]
[Site "Telford ENG"]
[Date "2003.04.13"]
[Round "8.6"]
[White "Moore, Kevin J"]
[Black "Kruszynski, Robert G"]
[Result "0-1"]
[WhiteElo "1128"]
[BlackElo "1792"]
[PlyCount "118"]
[EventDate "2003.04.13"]

1. Nf3 c5 2. c4 Nc6 3. Nc3 g6 4. g3 Bg7 5. Bg2 e6 6. O-O Nge7 7. e3 e5 8. e4 d6
9. d3 h6 10. Be3 O-O 11. Qd2 Kh7 12. Ne1 f5 13. f4 Rb8 14. fxe5 Nxe5 15. Nc2
Be6 16. Rad1 Ng4 17. Kh1 Nxe3 18. Qxe3 Nc6 19. Qd2 Qd7 20. a3 Rf7 21. exf5 Bxf5
22. Rde1 Ne5 23. Ne4 Rbf8 24. Ne3 Be6 25. Qe2 Nc6 26. Rf2 Nd4 27. Qd2 Rxf2 28.
Nxf2 Nf3 29. Bxf3 Rxf3 30. Ne4 Be5 31. Qg2 Rf7 32. Qe2 Kg7 33. Rf1 Qc6 34. Kg1
Bd4 35. Rxf7+ Bxf7 36. Kf2 Bxc4 37. dxc4 Qxe4 38. b3 Qf5+ 39. Ke1 Qe5 40. Kf2
Qf6+ 41. Ke1 Bxe3 42. Qxe3 Qe5 43. Ke2 Kf6 44. Kd3 Qxe3+ 45. Kxe3 Ke5 46. h3 d5
47. cxd5 Kxd5 48. Kd3 b5 49. g4 c4+ 50. bxc4+ bxc4+ 51. Kc3 a5 52. a4 Kc5 53.
Kc2 Kb4 54. Kb2 Kxa4 55. Kc3 Kb5 56. Kb2 Kb4 57. Kb1 Kc3 58. Kc1 a4 59. Kb1 Kd2
0-1

[Event "4NCL/Div4/ATH2 vs. SLO3 final"]
[Site "Telford ENG"]
[Date "2003.04.13"]
[Round "8.1"]
[White "Pedersen, Carsten"]
[Black "Milnes, Anthony"]
[Result "1/2-1/2"]
[WhiteElo "1944"]
[BlackElo "2115"]
[PlyCount "53"]
[EventDate "2003.04.13"]

1. e4 e6 2. d4 d5 3. Nd2 Nf6 4. e5 Nfd7 5. f4 c5 6. c3 Nc6 7. Ndf3 Be7 8. Bd3
f5 9. a3 cxd4 10. cxd4 Nb6 11. Ne2 O-O 12. b3 Bd7 13. Be3 a5 14. h4 a4 15. b4
Na7 16. Nc3 Rc8 17. Bd2 Qe8 18. Kf2 Nc4 19. Bc2 b5 20. Ne2 Rc7 21. Bc3 Nc8 22.
Qd3 N8b6 23. h5 Qc8 {{=} 24. Bb1 Kf7 25. g4 Rh8 26. g5 g6 27. h6 1/2-1/2

[Event "4NCL/Div4/ATH2 vs. SLO3 final"]
[Site "Telford ENG"]
[Date "2003.04.13"]
[Round "8.3"]
[White "Seymour, Timothy P"]
[Black "Varnam, Liam D"]
[Result "1/2-1/2"]
[WhiteElo "1688"]
[BlackElo "2066"]
[PlyCount "72"]
[EventDate "2003.04.13"]

1. e4 e5 2. Nf3 Nc6 3. Nc3 Nf6 4. d4 exd4 5. Nxd4 Bb4 6. Nxc6 Bxc3+ 7. bxc3
bxc6 8. Ba3 Ng8 9. Bc4 Ne7 10. e5 O-O 11. Rb1 a5 12. Qd3 Re8 13. O-O d5 14.
exd6 cxd6 15. Bxd6 Bf5 16. Qg3 Bxc2 17. Rb7 Bg6 18. Qf4 Nd5 19. Bxd5 cxd5 20.
h3 Qc8 21. Rc7 Qe6 22. Rd1 Rac8 23. Rc5 Rxc5 24. Bxc5 Rc8 25. Bd4 f6 26. Kf1
Qa6+ 27. Kg1 Qe6 {{=} 28. Rd2 Qe1+ 29. Kh2 Qc1 30. Qd6 Re8 31. Be3 Rxe3 32.
fxe3 Qxd2 33. Qe6+ Kf8 34. Qd6+ Kf7 35. Qd7+ Kf8 36. Qd6+ Kf7 1/2-1/2

[Event "4NCL/Div4/ATH2 vs. SLO3 final"]
[Site "Telford ENG"]
[Date "2003.04.13"]
[Round "8.4"]
[White "Coddington, Oliver"]
[Black "Barkwill, Martin A"]
[Result "1-0"]
[WhiteElo "1776"]
[BlackElo "1664"]
[PlyCount "143"]
[EventDate "2003.04.13"]

1. d4 d5 2. Nf3 Bf5 3. g3 e6 4. Bg2 Nf6 5. O-O c5 6. Bg5 h6 7. Bxf6 Qxf6 8. c4
dxc4 9. Qa4+ Nc6 10. Ne5 Rc8 11. Nxc6 bxc6 12. Bxc6+ Kd8 13. Qa5+ Rc7 14. dxc5
e5 15. Bb5 Bxc5 16. Nc3 Qb6 17. Qa4 Be6 18. Rad1+ Ke7 19. Nd5+ Bxd5 20. Rxd5 f6
21. Bxc4 Rd8 22. Rxd8 Kxd8 23. Qc2 Kc8 24. b3 Kb8 25. Qe4 Rd7 26. Bd3 Rd4 27.
Qh7 Rd7 28. Bf5 Rc7 29. Qg8+ Kb7 30. Qd5+ Qc6 31. Be4 Qxd5 32. Bxd5+ Kb6 33.
Kg2 Bb4 34. Bc4 Rd7 35. Bd3 e4 36. Bxe4 Rd2 37. Bd3 Rxa2 38. Kf3 a5 39. Kg4 a4
40. bxa4 Rxa4 41. Kh5 Kc6 42. Kg6 Ra7 43. Rb1 Bc5 44. f4 Kd5 45. Bf5 Be3 46.
Rb3 Bg1 47. h3 Kc4 48. Be6+ Kd4 49. Rd3+ Kc5 50. g4 Bf2 51. e3 Re7 52. Bf7 Bg1
53. Kxg7 Bxe3 54. Kxf6 Re4 55. Bg6 Rxf4+ 56. Ke5 Rf3 57. Ke4 Rf6 58. Rxe3 Rxg6
59. Kf5 Rg5+ 60. Kf6 Kd4 61. Re8 Ra5 62. Kg6 Ra6+ 63. Kh5 Rb6 64. h4 Kd5 65.
Rh8 Ke4 66. Rxh6 Rb5+ 67. g5 Kf4 68. Ra6 Kg3 69. Ra4 Rc5 70. Kh6 Rc8 71. g6
Rh8+ 72. Kg5 1-0

[Event "4NCL/Div4/ATH2 vs. SLO3 final"]
[Site "Telford ENG"]
[Date "2003.04.13"]
[Round "8.5"]
[White "Doughty, Nathan"]
[Black "Johnson, Nigel A"]
[Result "1-0"]
[WhiteElo "1600"]
[BlackElo "1672"]
[PlyCount "46"]
[EventDate "2003.04.13"]

1. e4 Nf6 2. Nc3 d5 3. e5 d4 4. exf6 dxc3 5. bxc3 gxf6 6. a4 Bf5 7. Ne2 Bh6 8.
Ng3 Bg6 9. Rb1 Qc8 10. d4 Bxc1 11. Qxc1 b6 12. Bd3 Qe6+ 13. Qe3 Qxe3+ {{=} 14.
fxe3 Nd7 15. O-O Bxd3 16. cxd3 c5 17. d5 Rc8 18. Nf5 Ne5 19. a5 Nd7 20. d6 e6
21. Ne7 Rb8 22. Nc6 Rb7 23. a6 Rb8 1-0

[Event "4NCL/Div4/ATH2 vs. SLO3 final"]
[Site "Telford ENG"]
[Date "2003.04.13"]
[Round "8.6"]
[White "Houska, Mario"]
[Black "Aniecko, Colin"]
[Result "1-0"]
[WhiteElo "1656"]
[BlackElo "1512"]
[PlyCount "105"]
[EventDate "2003.04.13"]

1. e4 e6 2. Nf3 c5 3. d3 h6 4. Be2 Nc6 5. c3 d5 6. exd5 Qxd5 7. O-O Ne5 8. c4
Nxf3+ 9. Bxf3 Qd7 10. Nc3 Rb8 11. a3 Bd6 12. Nb5 a6 13. Nxd6+ Qxd6 14. g3 Qd8
15. Bf4 Ra8 16. b4 g5 17. Be5 f6 18. Bh5+ Ke7 19. Bc3 b6 20. bxc5 bxc5 21. d4
Kf8 22. Qf3 Ra7 23. dxc5 Kg7 24. Rfd1 Rd7 25. Rxd7+ Qxd7 26. c6 Qc7 27. Rd1 e5
28. Qe4 Ne7 29. Bf3 Bf5 30. Qe1 Nxc6 31. g4 Bg6 32. Be4 h5 33. Bxg6 Kxg6 34.
Qe4+ Kg7 35. Qf5 Rd8 36. Rxd8 Qxd8 37. gxh5 Qe8 38. h6+ Kf7 39. Qh7+ Ke6 40.
Qb7 Ne7 41. Qxa6+ Kf5 42. c5 Qh5 43. Qd3+ Ke6 44. Qd6+ Kf7 45. Qd7 f5 46. Bxe5
Qg4+ 47. Bg3 Qe4 48. Qd1 f4 49. f3 Qe3+ 50. Bf2 Qxa3 51. h7 Kg7 52. Qd7 Qa1+
53. Kg2 1-0

[Event "4NCL/Div4/SXM vs. NKN2 final"]
[Site "Telford ENG"]
[Date "2003.04.13"]
[Round "8.1"]
[White "Almond, Richard"]
[Black "Spencer, Douglas"]
[Result "1/2-1/2"]
[WhiteElo "2171"]
[BlackElo "1847"]
[PlyCount "52"]
[EventDate "2003.04.13"]

1. d4 g6 2. c4 Bg7 3. e4 d6 4. Nc3 Nf6 5. Nf3 O-O 6. Be2 e5 7. O-O exd4 8. Nxd4
Nc6 9. Be3 Re8 10. f3 Nh5 11. f4 Nf6 12. Bf3 Bg4 13. Nxc6 Bxf3 14. Qxf3 bxc6
15. Rae1 Qd7 16. f5 Rab8 17. Re2 Rb4 18. b3 c5 19. Bg5 gxf5 20. Bxf6 Bxf6 21.
Nb5 Rxb5 22. cxb5 Qxb5 23. Kh1 d5 24. e5 Rxe5 25. Rxe5 Bxe5 26. Qxf5 f6 {{=}
1/2-1/2

[Event "4NCL/Div4/SXM vs. NKN2 final"]
[Site "Telford ENG"]
[Date "2003.04.13"]
[Round "8.2"]
[White "Smith, Olivia"]
[Black "Linford, Charles M"]
[Result "1/2-1/2"]
[WhiteElo "1916"]
[BlackElo "2185"]
[PlyCount "93"]
[EventDate "2003.04.13"]

1. e4 c5 2. Nf3 e6 3. d4 cxd4 4. Nxd4 Nc6 5. Bc4 Nf6 6. Nxc6 bxc6 7. e5 Qa5+ 8.
Nc3 Qxe5+ 9. Qe2 Qxe2+ 10. Bxe2 d5 11. O-O Bd6 12. f4 h5 13. Nd1 Rb8 14. Be3 c5
15. c3 Bd7 16. h3 h4 17. Bf3 Nh5 18. f5 Ng3 19. fxe6 fxe6 20. Re1 O-O 21. Bg5
Nf5 22. Re2 d4 23. Nf2 Rb6 24. Rd1 Rfb8 25. Ne4 d3 26. Red2 c4 27. Nxd6 Nxd6
28. b3 Bb5 29. Bxh4 Rc8 30. Bf2 cxb3 31. axb3 Rxc3 32. Bxb6 axb6 33. Bg4 Kf7
34. Re1 Nf5 35. Re5 Rxb3 36. Bxf5 exf5 37. Rxf5+ Ke6 38. Rf4 Rc3 39. Kf2 Bc4
40. Ke3 b5 41. Rb2 Rc1 42. Re4+ Kd5 43. Rg4 Re1+ 44. Kd2 Re2+ 45. Kc1 Re1+ 46.
Kd2 Re2+ 47. Kc1 1/2-1/2

[Event "4NCL/Div4/SXM vs. NKN2 final"]
[Site "Telford ENG"]
[Date "2003.04.13"]
[Round "8.3"]
[White "Fryer, David"]
[Black "Arnold, Chris"]
[Result "1/2-1/2"]
[WhiteElo "2058"]
[BlackElo "1615"]
[PlyCount "108"]
[EventDate "2003.04.13"]

1. e4 Nc6 2. Nc3 Nf6 3. Bc4 Nxe4 4. Bxf7+ Kxf7 5. Nxe4 g6 6. Ng5+ Kg8 7. d4 h6
8. N5f3 d6 9. Ne2 Bf5 10. c3 e5 11. dxe5 Nxe5 12. Nxe5 dxe5 13. Qb3+ Kh7 14.
O-O b6 15. Ng3 Qf6 16. Be3 Bd6 17. f4 Be6 18. Qa4 Rhf8 19. Ne4 Qe7 20. Nxd6
cxd6 21. Rae1 Qd7 22. Qxd7+ Bxd7 23. b3 Bf5 24. Rd1 Rad8 25. c4 h5 26. h3 Kg7
27. Rd2 Be4 28. fxe5 dxe5 29. Rxf8 Rxd2 {{=} 30. Bxd2 Kxf8 31. b4 Ke7 32. Kf2
Kd6 33. Be3 Kc6 34. a3 a6 35. g4 hxg4 36. hxg4 b5 37. c5 Kd5 38. Bc1 Ke6 39.
Ke3 Bc6 40. Bb2 Bb7 41. Bc3 Bc6 42. Be1 Bb7 43. Bh4 Bc6 44. Bd8 Bb7 45. Kf2 Kd5
46. Ke3 Ke6 47. Bc7 Bc6 48. Kf2 Kf6 49. Kg3 g5 50. Bd8+ Kg6 51. Be7 Bd5 52. Kf2
Bc6 53. Ke3 Bb7 54. Bd8 Bc6 1/2-1/2

[Event "4NCL/Div4/SXM vs. NKN2 final"]
[Site "Telford ENG"]
[Date "2003.04.13"]
[Round "8.4"]
[White "Tonks, Brian"]
[Black "de Mooi, Connagh-Joseph"]
[Result "0-1"]
[WhiteElo "1360"]
[BlackElo "1720"]
[PlyCount "80"]
[EventDate "2003.04.13"]

1. d4 f5 2. Nf3 Nf6 3. Bf4 d6 4. e3 g6 5. Nc3 Bg7 6. Bc4 e6 7. h3 Qe7 8. Bg5 b6
9. Qd2 Bb7 10. O-O-O a6 11. Rhe1 b5 12. Bd3 h6 13. Bxf6 Qxf6 14. Qe2 O-O 15. e4
Nd7 16. exf5 exf5 17. Qe6+ Qxe6 18. Rxe6 Kf7 19. Rde1 Rae8 20. Rxe8 Rxe8 21.
Rxe8 Kxe8 22. Nh4 Kf7 23. Ne2 Bf6 24. Nf3 c5 25. c4 b4 26. d5 Bc8 27. Kc2 Ne5
28. Nxe5+ Bxe5 29. f4 Bg7 30. b3 Bd7 31. Kd2 {{=} Kf6 32. Ke3 g5 33. g3 Be8 34.
Ng1 Kg6 35. Nf3 Bb2 36. Kd2 Kf6 37. h4 gxf4 38. gxf4 Bh5 39. Be2 Kg6 40. Ne1
Bc3+ 0-1

[Event "4NCL/Div4/SXM vs. NKN2 final"]
[Site "Telford ENG"]
[Date "2003.04.13"]
[Round "8.5"]
[White "Barraclough, David"]
[Black "Blackwell, Eric"]
[Result "1-0"]
[WhiteElo "1640"]
[BlackElo "1325"]
[PlyCount "99"]
[EventDate "2003.04.13"]

1. e4 d6 2. d4 c6 3. f4 Nf6 4. Nc3 Qa5 5. Bd3 e5 6. Nf3 Qb6 7. Ne2 exd4 8.
Nexd4 Nbd7 9. Qe2 Nc5 10. h3 Nxd3+ 11. cxd3 Bd7 12. O-O O-O-O 13. Be3 Qa5 14.
Rab1 c5 15. Nc2 Qa6 16. Qd2 Bb5 17. Rfc1 Bxd3 18. Nb4 Qa5 19. Nxd3 Qxd2 20.
Nxd2 Nh5 21. Kf2 Nf6 22. b4 b6 23. bxc5 dxc5 24. Ne5 Rxd2+ 25. Bxd2 Nxe4+ 26.
Ke3 f5 27. Nf7 Rg8 28. Rd1 c4 29. Rbc1 Bc5+ 30. Kf3 Rf8 31. Ng5 Nf2 32. Rf1 Ne4
33. Nxe4 fxe4+ 34. Kxe4 Re8+ 35. Kf3 b5 36. Rfe1 Rd8 37. Rcd1 Rd3+ 38. Be3 Ra3
39. Ke4 Bb4 40. Bd2 c3 41. Rc1 Kb7 42. Be3 Ra4 43. Kd3 Ra3 44. Rc2 Ra6 45. Rb1
Rd6+ 46. Ke2 a5 47. a3 Bxa3 48. Rxc3 b4 49. Rxa3 Ka6 50. Rxb4 1-0

[Event "4NCL/Div4/WGR3 vs. AD3 final"]
[Site "West Bromwich ENG"]
[Date "2003.05.24"]
[Round "9.1"]
[White "Lee, Graham D"]
[Black "Westwood, Richard D"]
[Result "0-1"]
[WhiteElo "2367"]
[BlackElo "1720"]
[PlyCount "66"]
[EventDate "2003.05.24"]

1. e4 e5 2. Nf3 Nc6 3. Bc4 Bc5 4. b4 Bb6 5. a4 a6 6. Bb2 d6 7. b5 Na5 8. Be2
Nf6 9. d3 c6 10. Na3 O-O 11. O-O Ng4 12. d4 f5 13. exf5 e4 14. Nd2 Nf6 15. f3
Bxf5 16. fxe4 Bxe4 17. Rxf6 Qxf6 18. Nxe4 Qf4 19. Bf3 Qe3+ 20. Kh1 d5 21. Ng3
Rae8 22. Nf1 Qf2 23. bxa6 bxa6 24. Bc3 Rf4 $1 25. Bxa5 Bxa5 26. Qd3 Rxd4 27.
Qxa6 Be1 28. Ng3 Bb4 29. Qf1 $6 Qxf1+ 30. Nxf1 Bc3 $1 $19 31. Rb1 Rxa4 32. Rb3
Bb4 33. c4 Re1 0-1

[Event "4NCL/Div4/WGR3 vs. AD3 final"]
[Site "West Bromwich ENG"]
[Date "2003.05.24"]
[Round "9.2"]
[White "Roberts, Colin"]
[Black "Savage, Ben D"]
[Result "0-1"]
[WhiteElo "1608"]
[BlackElo "2182"]
[PlyCount "62"]
[EventDate "2003.05.24"]

1. e4 c5 2. Nf3 Nc6 3. d4 cxd4 4. Nxd4 Nf6 5. Nc3 e5 6. Ndb5 d6 7. Bg5 a6 8.
Na3 b5 9. Bxf6 gxf6 10. Nd5 Bg7 11. Bd3 Ne7 12. Nxe7 Qxe7 13. O-O O-O 14. f4 f5
15. c3 Bb7 16. fxe5 fxe4 17. exd6 Qxd6 18. Be2 Qc5+ 19. Kh1 Rad8 20. Qe1 Qg5
21. Rd1 Rxd1 22. Bxd1 f5 23. Nc2 Rd8 24. Ne3 f4 25. h4 Qe5 26. Ng4 Qd6 27. Bb3+
Kh8 28. Qf2 e3 29. Qe2 Qd2 30. Qxd2 Rxd2 31. Re1 Rxg2 0-1

[Event "4NCL/Div4/WGR3 vs. AD3 final"]
[Site "West Bromwich ENG"]
[Date "2003.05.24"]
[Round "9.3"]
[White "Maduekwe, Chiedu"]
[Black "Pohribnyj, Chris"]
[Result "1-0"]
[WhiteElo "2140"]
[BlackElo "1600"]
[PlyCount "63"]
[EventDate "2003.05.24"]

1. d4 Nf6 2. c4 g6 3. Nc3 Bg7 4. Nf3 d6 5. g3 O-O 6. Bg2 Nbd7 7. O-O e5 8. e4
c6 9. h3 Qb6 10. c5 dxc5 11. dxe5 Ne8 12. e6 fxe6 13. Ng5 Ne5 14. f4 Nf7 15.
Nf3 e5 16. Be3 exf4 17. Na4 Qc7 18. Bxc5 Ned6 19. e5 Nf5 20. Bxf8 Kxf8 21. gxf4
Ne3 22. Qb3 Nxf1 23. Rxf1 Qe7 24. Nd4 Nd8 25. f5 gxf5 26. Nxf5 Bxf5 27. Rxf5+
Ke8 28. Bf3 b5 29. Qd3 $1 bxa4 30. Bh5+ Nf7 31. Bxf7+ Kf8 32. Bd5+ 1-0

[Event "4NCL/Div4/WGR3 vs. AD3 final"]
[Site "West Bromwich ENG"]
[Date "2003.05.24"]
[Round "9.4"]
[White "Graham, Louis"]
[Black "Hillman, Jamie O"]
[Result "0-1"]
[WhiteElo "1360"]
[BlackElo "2045"]
[PlyCount "76"]
[EventDate "2003.05.24"]

1. d4 Nf6 2. Nf3 e6 3. Bg5 d5 4. e3 h6 5. Bh4 c5 6. c3 Nc6 7. Bd3 c4 8. Be2 Be7
9. Nbd2 b5 10. O-O O-O 11. Qc2 Bb7 12. Rfe1 a5 13. b3 Qc7 14. Bg3 Bd6 15. Bxd6
Qxd6 16. e4 Qc7 17. bxc4 bxc4 18. e5 Nd7 19. Nh4 Qd8 20. Nhf3 Qe7 21. Rab1 Rfb8
22. Nf1 Ba6 23. Ng3 Qa3 24. Nd2 Nb6 25. f4 Bc8 26. Bg4 Ne7 27. Re3 Bd7 28. h3
Na4 29. Rxb8+ Rxb8 30. Nb1 Qb2 31. Qxb2 Rxb2 32. Re1 Rxa2 33. Ne2 Ra1 34. Rc1
g6 35. Bf3 Nf5 36. Kf2 Nb2 37. Kg1 Nd3 38. Rf1 Ne3 0-1

[Event "4NCL/Div4/WGR3 vs. AD3 final"]
[Site "West Bromwich ENG"]
[Date "2003.05.24"]
[Round "9.5"]
[White "Cutmore, Martin J"]
[Black "Nixon, Peter"]
[Result "1-0"]
[WhiteElo "1896"]
[BlackElo "1272"]
[PlyCount "33"]
[EventDate "2003.05.24"]

1. d4 d5 2. c4 Nf6 3. cxd5 Nxd5 4. Nf3 e6 5. e4 Nb6 6. Nc3 c6 7. Bd3 Be7 8. O-O
Qc7 9. a4 a5 10. Be3 N8d7 11. Rc1 Nf6 12. Qd2 Nbd7 13. d5 Ne5 14. Nxe5 Qxe5 15.
Bf4 Qd4 16. Nb5 cxb5 17. Bxb5+ 1-0